| 000 | 00974nam a2200253Ia 4500 | ||
|---|---|---|---|
| 003 | OSt | ||
| 005 | 20221002043723.0 | ||
| 006 | a|||||r|||| 00| 0 | ||
| 007 | ta | ||
| 008 | 220930b |||||||| |||| 00| 0 pan d | ||
| 020 |
_a8130202123 (hbk) _c550 |
||
| 024 | _a105351 | ||
| 037 |
_b515, 02/02/2011, H.K. Prakashan _cReference Collections |
||
| 040 |
_aCRL _cCRL _bpun |
||
| 041 |
_2pun _apun |
||
| 082 | _aQ8441:21k, 153Q0.1-.2(RR) | ||
| 100 | _aਨਰੋਤਮ, ਤਾਰਾ ਸਿੰਘ | ||
| 245 | 0 | _aਗੁਰੂ ਗਿਰਾਰਥ ਕੋF | |
| 260 |
_aਪਟਿਆਲਾ _b ਪੰਜਾਬੀ ਯੂਨੀਵਰਸਿਟੀ _c2010 |
||
| 490 | _vਦੂਜੀ ਜਿਲਦ | ||
| 700 | _a ਹਰਭਜਨ ਸਿੰਘ, ਥਦ. | ||
| 942 |
_hQ8441:21k, 153Q0.1-.2(RR) _cref _2CC |
||
| 999 |
_c908756 _d908756 |
||